Win the Dutch Presidential Election! - Statistics

General Stats
  • This quiz has been taken 397 times
  • The average score is 33 of 79
Answers on the Map
Answers color-coded by a green-red scale on the quiz's map according to % correct below.
 
Answer Stats
Province % Correct
Noord Holland
67%
Noord Holland
67%
Noord Holland
67%
Noord Holland
67%
Noord Holland
67%
Noord Holland
67%
Noord Holland
67%
Noord Holland
67%
Noord Holland
67%
Noord Holland
67%
Noord Holland
67%
Noord Holland
67%
Noord Holland
67%
Noord Holland
67%
Zuid Holland
60%
Zuid Holland
60%
Zuid Holland
60%
Zuid Holland
60%
Zuid Holland
60%
Zuid Holland
60%
Zuid Holland
60%
Zuid Holland
60%
Zuid Holland
60%
Zuid Holland
60%
Zuid Holland
60%
Zuid Holland
60%
Zuid Holland
60%
Zuid Holland
60%
Zuid Holland
60%
Zuid Holland
60%
Zuid Holland
60%
Zuid Holland
60%
Zeeland
45%
Utrecht
38%
Utrecht
38%
Utrecht
38%
Utrecht
38%
Utrecht
38%
Utrecht
38%
Noord Brabant
33%
Noord Brabant
33%
Noord Brabant
33%
Noord Brabant
33%
Noord Brabant
33%
Noord Brabant
33%
Noord Brabant
33%
Noord Brabant
33%
Noord Brabant
33%
Noord Brabant
33%
Noord Brabant
33%
Friesland
32%
Friesland
32%
Friesland
32%
Limburg
31%
Limburg
31%
Limburg
31%
Limburg
31%
Limburg
31%
Groningen
26%
Groningen
26%
Gelderland
21%
Gelderland
21%
Gelderland
21%
Gelderland
21%
Gelderland
21%
Gelderland
21%
Gelderland
21%
Gelderland
21%
Gelderland
21%
Gelderland
21%
Flevoland
18%
Flevoland
18%
Overijssel
16%
Overijssel
16%
Overijssel
16%
Overijssel
16%
Overijssel
16%
Drenthe
14%
Drenthe
14%
No matching quizzes found
Score Distribution
Percent of People with Each Score
Percentile by Number Answered
Your Score History
You have not taken this quiz